Textbook Of Botany, Vol.-1 (Record no. 39416)

MARC details
000 -LEADER
fixed length control field 00489nam a2200193Ia 4500
008 - FIXED-LENGTH DATA ELEMENTS--GENERAL INFORMATION
fixed length control field 220531s9999 xx 000 0 und d
041 ## - LANGUAGE CODE
Language code of text/sound track or separate title eng
082 ## - DEWEY DECIMAL CLASSIFICATION NUMBER
Classification number 580
Item number HAI
100 ## - MAIN ENTRY--PERSONAL NAME
Personal name Hait, G. And Others
9 (RLIN) 70369
245 ## - TITLE STATEMENT
Title Textbook Of Botany, Vol.-1
250 ## - EDITION STATEMENT
Edition statement 1ST
260 ## - PUBLICATION, DISTRIBUTION, ETC. (IMPRINT)
Place of publication, distribution, etc. Kolkata
Name of publisher, distributor, etc. New Central Book Agency
Date of publication, distribution, etc. 2015
300 ## - PHYSICAL DESCRIPTION
Extent 726
542 ## - INFORMATION RELATING TO COPYRIGHT STATUS
Copyright holder 06-11-2015
551 ## -
-- Science
-- Non-grant-SCI
650 ## - SUBJECT ADDED ENTRY--TOPICAL TERM
Topical term or geographic name as entry element Botany
9 (RLIN) 70370
906 ## - LOCAL DATA ELEMENT F, LDF (RLIN)
d 2015-2016
Holdings
Withdrawn status Lost status Source of classification or shelving scheme Damaged status Not for loan Collection code Home library Current library Date acquired Vendor Cost, normal purchase price Total Checkouts Total Holds Full call number Barcode Date last seen Bill Date Koha item type Original Barcode
    Dewey Decimal Classification       Shri Siddhivinayak Mahila Mahavidyalaya Shri Siddhivinayak Mahila Mahavidyalaya 19/11/2015 Pritam 435.00   2 580/HAI/B/20884 SSMM-BK-20884 06/08/2022 06/08/2022 Books 010020884